000 00664nam a2200241Ia 4500
005 20260430150714.0
008 008 250103s9999 xx 000 0 eng d
037 _aTheses
040 _aCRL
040 _beng
040 _ceng
041 _2eng
041 _aeng
084 _qCRL
100 _aYadav Neha Au.; N. Kiranmala Devi Gu.
_91238259
245 0 _aCognitive Impairment and its Biosocial Correlates: A Cross-Sectional Study in Rural Punjab, India
260 _c2024
300 _a252p.
650 _aAnthropology
700 _aUniversity of Delhi. Faculty of Science. Deptt. of Anthropology
942 _cTH
999 _c1850430
_d1850430